000
00239nam a2200097 4500
999
_c
531745
_d
531745
040
_c
DLC
082
_a
624.15136
_b
HAU
100
_a
Hausmann, Manfred R.
_9
24745
245
_a
Engineering principles of ground modifications
942
_2
ddc
_c
BK